1189 1576 1848 1963 1215 1796 1080 1734 1872 1692 1463 1620 1008 1309 1584 1571 1562 1703 1509 1572 1020 1040 1835 1695 1124 1541 1223 1435 1677 1432 1219 1034 1149 1190 1403 1382 1129 1525 1197 1671 1606 1910 1373 1060 1088 1311 1495 1087 1083 1301 1040 1911 1106 1134 1654 1625 1016 1089 1879 1439 1642 1273 1095 1780 1639 1666 1765 1850 1010 1174 1788 1925 1333 1193 1163 1177 1382 1942 1811 1658 1803 1128 1899 1439 1962 1574 1411 1554 1512 1955 1380 1481 1582 1240 1144 1843 1221 1515 1949 BCNSPRNW ULIB Ver.6.0+V

เปลี่ยนเป็นภาษาไทย

Change to English
 แสดงรายละเอียดบรรณานุกรม
  กลับหน้าหลัก

Brief Record : Get Marc (ISO 2709) : E-mail record : QR code < ปิดหน้าต่าง
LEADER : 00000nam 2200000uu 4500
001    13399123167
003     ULIB
008    020711s2549 th a 000 0 tha d
020    9749698134
020    9789749698136
090    นว.^bม111ห
100    มิยาเบะ มิยูกิ
245    เหตุที่ฆ่า /^cมิยาเบะ มิยูกิ ; เขียน , อาจารี สัตยาประเสริฐ ; แปล
250    พิมพ์ครั้งที่ 1
260    กรุงเทพฯ :^bNB Horror,^c2549
300    536 หน้า;^b21 ซม.
700    อาจารี สัตยาประเสริฐ ;^eแปล
945    ^p285^l0^i034424
999    ^aเกษร โพธิ์สุวรรณ
รายการนี้ยังไม่มีแท็ก
คุณยังไม่ได้ล็อกอิน คุณสามารถมีกิจกรรมร่วมกับเว็บไซต์ได้ แต่ต้องล็อกอินก่อน ::
  ล็อกอิน

รายการสื่อสารสนเทศ

ลำดับที่ ประเภท เลขเรียก/บาร์โค้ด สถานที่ สถานะ
1. นวนิยาย
นวนิยาย
นว. ม111ห ฉ.1 
  Barcode: 034424
ห้องสมุดวิทยาเขตสวรรค์ประชารักษ์
►นวนิยาย
บนชั้น
  ขอยืม

BibComment


ยังไม่เคยถูกคอมเมนท์

คอมเมนท์ทรัพยากรรายการนี้
  คอมเมนท์: เหตุที่ฆ่า มิยาเ..


 Copyright 2026. Bcnsprnw @Library